| Tag |
First Indicator |
Second Indicator |
Subfields |
| LEADER |
00000cam a22000001a 4500 |
| 001 |
in00004100404 |
| 005 |
20200117091300.0 |
| 006 |
m d f |
| 007 |
cr bn mmmapmmp |
| 008 |
100525s2010 dcu o f000 0 eng d |
| 035 |
|
|
|a chdc201001326
|
| 040 |
|
|
|a UMI
|c UMI
|d UtOrBLW
|
| 042 |
|
|
|a pcc
|
| 043 |
|
|
|a n-us-dc
|
| 074 |
|
|
|a 1037-B
|
| 086 |
0 |
|
|a Y 4.G 74/9:S.HRG.110-969
|
| 086 |
0 |
|
|a Y 4.G 74/9: S.HRG.110-969
|
| 110 |
1 |
|
|a United States.
|b Congress.
|b Senate.
|b Committee on Homeland Security and Governmental Affairs.
|0 http://id.loc.gov/authorities/names/no2005015918
|
| 245 |
1 |
0 |
|a Nominations of Kathryn A. Oberly and Alfred S. Irving Jr :
|b hearing before the Committee on Homeland Security and Governmental Affairs, United States Senate, One Hundred Tenth Congress, second session on the nomination of Kathryn A. Oberly to be an associate judge, District of Columbia Court of Appeals, and Alfred S. Irving Jr. to be an associate judge, Superior Court of the District of Columbia, November 17, 2008.
|
| 264 |
|
1 |
|a Washington :
|b U.S. G.P.O.,
|c 2010.
|
| 264 |
|
2 |
|a Washington :
|b For sale by the Supt. of Docs., U.S. G.P.O.
|
| 300 |
|
|
|a iii, 67 pages, digital, PDF file.
|
| 336 |
|
|
|a text
|b txt
|2 rdacontent
|
| 337 |
|
|
|a computer
|b c
|2 rdamedia
|
| 338 |
|
|
|a online resource
|b cr
|2 rdacarrier
|
| 490 |
1 |
|
|a S. hrg. ;
|v 110-969
|
| 500 |
|
|
|a Shipping list no: 2010-0115-P.
|
| 500 |
|
|
|a Record is based on bibliographic data in ProQuest Congressional Hearings Digital Collection. Reuse except for individual research requires license from ProQuest, LLC.
|
| 500 |
|
|
|a Electronic resource.
|
| 533 |
|
|
|a Electronic reproduction.
|b [Bethesda, Md.] :
|c ProQuest,
|d 2010.
|e digital, PDF file.
|n ProQuest U.S. Congressional Hearings Digital Collection.
|n Mode of access: World Wide Web via ProQuest website.
|
| 538 |
|
|
|a System requirements: PDF reader software.
|
| 600 |
1 |
0 |
|a Oberly, Kathryn Anne,
|d 1950-
|0 http://id.loc.gov/authorities/names/no2010026429
|
| 600 |
1 |
0 |
|a Irving, Alfred Sherwood,
|d 1959-
|0 http://id.loc.gov/authorities/names/no2010026433
|
| 610 |
1 |
0 |
|a District of Columbia.
|b Court of Appeals
|x Officials and employees
|x Selection and appointment.
|
| 610 |
1 |
0 |
|a District of Columbia.
|b Superior Court
|x Officials and employees
|x Selection and appointment.
|
| 650 |
|
0 |
|a Judges
|x Selection and appointment
|z Washington (D.C.)
|0 http://id.loc.gov/authorities/subjects/sh2008122537
|
| 776 |
0 |
8 |
|i Print version:
|a United States. Congress. Senate. Committee on Homeland Security and Governmental Affairs.
|t Nominations of Kathryn A. Oberly and Alfred S. Irving Jr.
|w 9780160850677
|w 0160850673
|w (OCoLC)ocn516288023
|z 2009526623
|
| 776 |
0 |
8 |
|i Microfiche version:
|a United States. Congress. Senate. Committee on Homeland Security and Governmental Affairs.
|t Nominations of Kathryn A. Oberly and Alfred S. Irving Jr.
|d [Bethesda, Md.] : ProQuest,[2010]
|o CIS 2010 S481-24
|w (ProQuest)cis01003289
|
| 810 |
1 |
|
|a United States.
|b Congress.
|b Senate.
|t S. hrg. ;
|v 110-969.
|0 http://id.loc.gov/authorities/names/n83707917
|
| 856 |
4 |
0 |
|u http://proxy.library.tamu.edu/login?url=http://search.proquest.com/congcomp/getdoc?HEARING-ID=HRG-2008-HSG-0048
|y Electronic resource (PDF)
|t 0
|
| 998 |
|
|
|a cis01003289
|
| 999 |
f |
f |
|s 338d8c67-37cc-38ee-ad97-1f2eee1bf66b
|i 567f71f8-ea37-3a12-9b6a-dd1b402af998
|t 0
|
| 952 |
f |
f |
|a Texas A&M University
|b College Station
|c Electronic Resources
|d Available Online
|t 0
|e Y 4.G 74/9: S.HRG.110-969
|h Superintendent of Documents classification
|
| 998 |
f |
f |
|a Y 4.G 74/9: S.HRG.110-969
|t 0
|l Available Online
|